New trends and approaches in electrochemical technology

Gespeichert in:
Bibliographische Detailangaben
Hauptverfasser: Masuko, Noboru (autor), Osaka, Tetsuya (VerfasserIn), Fukunaka, Yasuhiro (VerfasserIn)
Format: Buch
Sprache:Englisch
Veröffentlicht: Tokio Kodansha 1993
Schlagworte:
Tags: Tag hinzufügen
Keine Tags, Fügen Sie den ersten Tag hinzu!

MARC

LEADER 00000nam a2200000 a 4500
001 UCY8374
003 CL-VaPUC
008 950703e19930000JA |||||||||||||||||eng|d
082 0 4 |a 660.297  |b MAS  |2 21 
100 |a Masuko, Noboru  |e autor  |9 339663 
700 0 |a Osaka, Tetsuya  |e author  |9 339664 
700 0 |a Fukunaka, Yasuhiro  |e author  |9 339665 
245 1 0 |a New trends and approaches in electrochemical technology 
300 |a 259 p 
942 |c BK 
945 |d 19950703 00:00:00  |a awong 
260 |a Tokio  |b Kodansha  |c 1993 
650 0 |a Electroquímica  |9 263973 
650 7 |a ELECTRODOS  |2 CL-VaPUC  |9 306983 
650 7 |a INDUSTRIA ELECTRONICA  |2 CL-VaPUC  |9 339666 
583 |a last modification  |c 20130123 12:34:28  |k Rodrigo Vera 
999 |c 235636  |d 235634 
952 |0 0  |1 0  |4 0  |6 660_297000000000000_MAS_1993  |7 0  |8 A  |9 243182  |a BIBCUR  |b BIBCUR  |d 2019-11-18  |i 3093816  |o 660.297 MAS 1993  |p 3093816  |r 2025-04-22  |w 2019-11-18  |y BK  |k QUI